| 000 | 00653cam a22001697a 4500 | ||
|---|---|---|---|
| 008 | 180718b1984 xxu||||| |||| 00| 0 eng d | ||
| 020 | _a0836407822 | ||
| 082 | _aDx73 B545 | ||
| 100 | _aBiswas, Jayasree | ||
| 245 |
_aUS-Bangladesh relations: a study of the political and economic development during 1971-81 _cby Jayasree Biswas |
||
| 260 |
_aCalcutta _bMinerva _c1984 |
||
| 300 | _a110p. | ||
| 650 | _aBangladesh --Foreign economic relations --United States | ||
| 650 | _aUnited States --Foreign economic relations --Bangladesh | ||
| 650 | _aBangladesh --Foreign relations --United States | ||
| 650 | _aUnited States --Foreign relations --Bangladesh | ||
| 999 |
_c382249 _d382249 |
||